Central Library OPAC University of Rajshahi

Further problems in the theory and design of structures : (Record no. 75296)

MARC details
000 -LEADER
fixed length control field 00931nam a2200253 a 4500
001 - CONTROL NUMBER
control field 75296
003 - CONTROL NUMBER IDENTIFIER
rucl marc code BD-RjUL
005 - DATE AND TIME OF LATEST TRANSACTION
control field 20211209082653.0
008 - FIXED-LENGTH DATA ELEMENTS--GENERAL INFORMATION
fixed length control field 190213s1913 enk 001 0 eng
035 ## - SYSTEM CONTROL NUMBER
System control number (BD-RjUL)75514
040 ## - CATALOGING SOURCE
Original cataloging agency DLC
Transcribing agency TxCM
Modifying agency TxCM
-- DLC
-- BD-RjUL
Language of cataloging eng
041 ## - LANGUAGE CODE
Language code of text/sound track or separate title eng
082 ## - DEWEY DECIMAL CLASSIFICATION NUMBER
Classification number 624
Author mark and year ANF
Edition number 1913
100 1# - MAIN ENTRY--PERSONAL NAME
Personal name Andrews, Ewart S.
Fuller form of name (Ewart Sigmund)
9 (RLIN) 54908
245 10 - TITLE STATEMENT
Title Further problems in the theory and design of structures :
Remainder of title an advanced text-book for the use of students, draughtsmen, and engineers engaged in constructional work /
Statement of responsibility, etc. by Ewart S. Andrews. With numerous illustrations and worked examples.
260 ## - PUBLICATION, DISTRIBUTION, ETC. (IMPRINT)
Place of publication, distribution, etc. London :
Name of publisher, distributor, etc. Chapman & Hall,
Date of publication, distribution, etc. 1913
300 ## - PHYSICAL DESCRIPTION
Pagination viii, 236 p. :
Illustrations ill.;
Size 22 cm.
504 ## - BIBLIOGRAPHY, ETC. NOTE
Bibliography, etc Includes index.
650 #0 - SUBJECT ADDED ENTRY--TOPICAL TERM
Topical term or geographic name as entry element Structural analysis (Engineering)
9 (RLIN) 23678
Topical term or geographic name as entry element Strains and stresses.
9 (RLIN) 27077
942 ## - ADDED ENTRY ELEMENTS (KOHA)
Source of classification or shelving scheme Dewey Decimal Classification
Koha item type Books
Holdings
Lost status Source of classification or shelving scheme Damaged status Not for loan Collection code Permanent Location Current Location Shelving location Date acquired Source of acquisition Total Checkouts Full call number Date last seen Copy number Koha item type
  Dewey Decimal Classification   Not For Loan Non-fiction Central Library, University of Rajshahi Central Library, University of Rajshahi Reading Room 24/06/1976 World Bank, Washington   624 ANF 1913 13/02/2019 C-1 Books